000 00913cai a22002055a 4500
001 L155736
008 120413u2012 xxk f 000 0 eng d
035 _a(Sirsi) u155736
041 0 _aeng
110 2 _aThe International Group for Lean Construction
245 0 0 _aInternational group for lean construction
_h[electronic resource]
260 _a[S.l.]
_bIGLC
_c2012
520 _aThe International Group for Lean Construction (IGLC), founded in 1993, makes up a network of professionals and researchers in architecture, engineering, and construction (AEC) who feel that the practice, education, and research of AEC have to be radically renewed in order to respond to the challenges ahead.
590 _aKA
651 4 _aInternational
690 _aConstruction management
_96230
690 _aDesign and specification
856 4 0 _uhttps://www.iglc.net/
_zView their website at www.iglc.net
942 _n0
999 _c120966
_d120966